000 00295nam a22001337a 4500
008 190306b xxu||||| |||| 00| 0 eng d
020 _a9780078021374
041 _aeng
080 _a612.39
100 _a10
101 _aNUT
245 _aContemporary Nutrition
_cSmith, A.M
942 _2udc
_cBK
999 _c54646
_d54646